Communes d'Île de France les plus étendues - Statistiques

Statistiques générales
  • Ce quiz a été pris 112 fois
    78 depuis la dernière actualisation
  • Le résultat moyen est 5 sur 20
Statistiques - réponses
Superficie (km²) Département Commune % Correct
105,40 75 Paris
95%
172,05 77 Fontainebleau
84%
48,27 78 Saint-Germain-en-Laye
54%
35,19 78 Rambouillet
47%
40,92 91 Etampes
46%
30,64 91 Dourdan
40%
42,19 77 Jouarre
14%
33,80 91 Milly-la-Forêt
14%
30,00 77 Mitry-Mory
14%
46,49 78 Sonchamp
14%
37,68 77 Jouy-le-Châtel
9%
33,40 77 Moret-Loing-et-Orvanne
9%
34,52 78 Saint-Léger-en-Yvelines
9%
30,85 91 Morigny-Champigny
7%
32,97 91 Le Mérévillois
5%
35,85 77 Chenoise
4%
31,84 77 Égreville
4%
36,30 77 Lumigny-Nesles-Ormeaux
4%
33,27 77 Villiers-Saint-Georges
4%
38,05 77 Louan-Villegruis-Fontaine
2%
Aucun quiz correspondant
Distribution des résultats
% des personnes avec chaque résultat
Percentile par nombre de réponses
Votre historique - résultats
Vous n’avez pas pris ce quiz depuis la dernière actualisation